| 000 | 00806nam a22002297a 4500 | ||
|---|---|---|---|
| 999 |
_c2660 _d2660 |
||
| 003 | AR-CdUCM | ||
| 008 | 190305b ||||| |||| 00| 0 spa d | ||
| 040 |
_aMUNICIPALIDAD PROVINCIAL DEL CUSCO _cBIBLIOTECA MUNICIPAL DEL CUSCO |
||
| 041 | _heng. | ||
| 082 |
_23ed. _a158.7 / _bB41 |
||
| 100 |
_aBellows, Roger M _99358 |
||
| 245 | _aSicología del personal en la industria y los negocios / | ||
| 260 |
_aMéxico : _bEdit.Diana, _c1966. |
||
| 300 |
_a469 paginas ; _c22 cm. |
||
| 505 | _aContenido :Introducción --Dinámica humana --El manejo efectivo de los recursos humanos / | ||
| 650 |
_aPsicología de los negocios _99359 |
||
| 650 |
_aPsicología industrial _98989 |
||
| 650 |
_aPsicología aplicada _99360 |
||
| 700 |
_aCarlos Barrera (traductor) _99361 |
||
| 942 |
_2ddc _cLIBROS |
||
| 945 | _arjall | ||